[Event "DEN-chT 1920 58th"]
[Site "Denmark"]
[Date "2020.02.23"]
[Round "7.4"]
[White "Sogaard, Soren"]
[Black "Smith, Axel"]
[Result "1-0"]
[WhiteElo "2248"]
[BlackElo "2465"]
[PlyCount "59"]
[EventDate "2019.11.23"]
[EventType "team-tourn"]
[EventRounds "9"]
[EventCountry "DEN"]
[SourceTitle "EXT 2021"]
[Source "ChessBase"]
[SourceDate "2020.10.23"]
[SourceVersion "1"]
[SourceVersionDate "2020.10.23"]
[SourceQuality "1"]
[WhiteTeam "Aarhus/Skolerne"]
[BlackTeam "Koge Xtracon"]
[WhiteTeamCountry "DEN"]
[BlackTeamCountry "DEN"]

1. d4 Nf6 2. Bg5 Ne4 3. Bf4 e5 4. Bxe5 Nc6 5. Nf3 d5 6. a3 Be6 7. Nc3 Nxe5 8. Nxe5 f6 9. Nd3 c6 10. Nxe4 dxe4 11. Nc5 Bf5 12. e3 Qc7 13. b4 Bd6 14. Bc4 b6 15. Nb3 h5 16. Be2 h4 17. h3 Rd8 18. c4 Qf7 19. Qc2 Bc7 20. c5 b5 21. a4 a6 22. axb5 axb5 23. Ra6 Qd7 24. Na5 Bxa5 25. Rxa5 0-0 26. 0-0 Rfe8 27. Rfa1 Bxh3 28. gxh3 Qxh3 29. Bf1 Qf5 30. Kh2 1-0

[Event "Aarhus-ch"]
[Site "Aarhus"]
[Date "1995.??.??"]
[Round "1"]
[White "Sogaard, Soren"]
[Black "Rewitz, Poul"]
[Result "0-1"]
[WhiteElo "2270"]
[BlackElo "2325"]
[PlyCount "48"]
[EventDate "1995.??.??"]
[EventType "tourn"]
[EventRounds "7"]
[EventCountry "DEN"]
[EventCategory "2"]
[SourceTitle "EXT 1997"]
[Source "ChessBase"]
[SourceDate "1996.11.15"]
[SourceVersion "1"]
[SourceVersionDate "1996.11.15"]
[SourceQuality "1"]

1. e4 c6 2. d4 d5 3. e5 Na6 4. c3 Nc7 5. Bd3 g6 6. Ne2 Bg7 7. 0-0 h5 8. Nf4 Ne6 9. Nxg6 fxg6 10. Bxg6+ Kd7 11. Bxh5 Kc7 12. f4 Bh6 13. Bg4 Ng7 14. f5 Bxc1 15. Qxc1 Nh6 16. Qg5 Ngxf5 17. Bxf5 Bxf5 18. Rxf5 Nxf5 19. Qxf5 Qg8 20. e6 Rf8 21. Qe5+ Kc8 22. c4 Qg4 23. Nc3 Rfg8 24. g3 Qh3 0-1

[Event "Aarhus-A"]
[Site "Aarhus"]
[Date "1994.??.??"]
[Round "2"]
[White "Sogaard, Soren"]
[Black "Ochsner, Thomas"]
[Result "1-0"]
[WhiteElo "2275"]
[BlackElo "2290"]
[PlyCount "81"]
[EventDate "1994.??.??"]
[EventType "tourn"]
[EventRounds "7"]
[EventCountry "DEN"]
[EventCategory "1"]
[SourceTitle "EXT 1998"]
[Source "ChessBase"]
[SourceDate "1997.11.17"]
[SourceVersion "1"]
[SourceVersionDate "1997.11.17"]
[SourceQuality "1"]

1. d4 Nf6 2. Bg5 Ne4 3. h4 d5 4. Nd2 Bf5 5. Nxe4 Bxe4 6. f3 h6 7. Bf4 Bh7 8. e3 c6 9. Bd3 Qa5+ 10. Kf2 Bxd3 11. cxd3 Nd7 12. Ne2 f6 13. g4 e5 14. Bg3 Bd6 15. g5 0-0-0 16. b4 Qxb4 17. Qc2 exd4 18. Nxd4 Bxg3+ 19. Kxg3 hxg5 20. h5 a6 21. Kg2 Nb8 22. Rab1 Qe7 23. Nf5 Qd7 24. d4 b5 25. a4 Kb7 26. Qd3 Rc8 27. e4 Rc7 28. e5 Ka8 29. Nd6 fxe5 30. dxe5 Qe6 31. axb5 cxb5 32. Rxb5 axb5 33. Nxb5 Rc6 34. Ra1+ Kb7 35. Ra7+ Kc8 36. Nd6+ Rxd6 37. exd6 Qxd6 38. Qf5+ Kd8 39. Qxg5+ Kc8 40. Qxg7 Rd8 41. Qb7# 1-0

[Event "DEN-chT 9394"]
[Site "Denmark"]
[Date "1993.??.??"]
[Round "1"]
[White "Bentzen, Eric"]
[Black "Sogaard, Soren"]
[Result "0-1"]
[WhiteElo "2315"]
[BlackElo "2290"]
[PlyCount "82"]
[EventDate "1993.11.??"]
[EventType "team-tourn"]
[EventRounds "7"]
[EventCountry "DEN"]
[SourceTitle "EXT 2000"]
[Source "ChessBase"]
[SourceDate "1999.11.16"]
[SourceVersion "1"]
[SourceVersionDate "1999.11.16"]
[SourceQuality "1"]

1. d4 g6 2. c4 Bg7 3. Nf3 d6 4. g3 Nf6 5. Bg2 0-0 6. 0-0 Nc6 7. Nc3 Bf5 8. d5 Na5 9. Nd2 c6 10. h3 cxd5 11. cxd5 Rc8 12. Nb3 Ne8 13. Nd4 Bd7 14. e4 Qb6 15. Nde2 Nc7 16. Rb1 Qa6 17. Re1 b5 18. a3 Nc4 19. Nd4 e5 20. Nc2 Ne8 21. Qd3 Qa5 22. Ra1 Qc7 23. Ne3 f5 24. Nxc4 bxc4 25. Qe2 f4 26. g4 Bf6 27. Bd2 Bh4 28. Rec1 Nf6 29. Be1 h5 30. f3 Bxe1 31. Qxe1 hxg4 32. hxg4 Nxg4 33. Bh3 Qb6+ 34. Kg2 Ne3+ 35. Kh2 Bxh3 36. Kxh3 Kg7 37. Kh2 Rh8+ 38. Kg1 Nc2+ 39. Qf2 Qxf2+ 40. Kxf2 Nxa1 41. Rxa1 Rh2+ 0-1

[Event "Odense"]
[Site "Odense"]
[Date "1993.??.??"]
[Round "3"]
[White "Christensen, Tobias"]
[Black "Sogaard, Soren"]
[Result "1/2-1/2"]
[WhiteElo "2375"]
[BlackElo "2280"]
[PlyCount "100"]
[EventDate "1993.??.??"]
[EventType "tourn"]
[EventRounds "9"]
[EventCountry "DEN"]
[EventCategory "3"]
[SourceTitle "CBM 036 Extra"]
[Source "ChessBase"]
[SourceDate "1993.11.01"]
[SourceVersion "1"]
[SourceVersionDate "1993.11.01"]
[SourceQuality "1"]

1. e4 g6 2. d4 Bg7 3. Nc3 d6 4. f4 Nf6 5. Nf3 c5 6. Bb5+ Bd7 7. e5 Ng4 8. e6 fxe6 9. Ng5 Bxb5 10. Nxb5 Qa5+ 11. c3 Qxb5 12. Qxg4 cxd4 13. Nxe6 Qc4 14. Nxg7+ Kf7 15. f5 Kxg7 16. Be3 Nc6 17. 0-0-0 b5 18. Bxd4+ Nxd4 19. Rxd4 Qxa2 20. Re1 Qa1+ 21. Kd2 Qxb2+ 22. Kd1 Qb1+ 23. Kd2 Qb2+ 24. Kd1 Qb3+ 25. Kd2 Rae8 26. Qg5 Qb2+ 27. Kd1 Qb1+ 28. Kd2 Qxf5 29. Rxe7+ Rxe7 30. Qxe7+ Qf7 31. Qxf7+ Kxf7 32. Rxd6 Ke7 33. Ra6 Rd8+ 34. Ke2 Rd7 35. Ra5 Rb7 36. Kd3 Ke6 37. Ke4 b4 38. Ra6+ Kf7 39. cxb4 Rxb4+ 40. Ke5 Rb7 41. h4 Re7+ 42. Kf4 Ke8 43. Kg5 Kd8 44. Kh6 Kc8 45. Ra2 Kb7 46. Rb2+ Kc6 47. Ra2 Kb5 48. Rb2+ Ka4 49. Rb1 a5 50. g4 Ka3 1/2-1/2

[Event "Aarhus-C"]
[Site "Aarhus"]
[Date "1993.??.??"]
[Round "4"]
[White "Pedersen, Daniel Vesterbaek"]
[Black "Sogaard, Soren"]
[Result "0-1"]
[WhiteElo "2085"]
[BlackElo "2290"]
[PlyCount "50"]
[EventDate "1993.??.??"]
[EventType "tourn"]
[EventRounds "7"]
[EventCountry "DEN"]
[SourceTitle "EXT 1998"]
[Source "ChessBase"]
[SourceDate "1997.11.17"]
[SourceVersion "1"]
[SourceVersionDate "1997.11.17"]
[SourceQuality "1"]

1. e4 g6 2. d4 Bg7 3. Nc3 d6 4. Be3 a6 5. Qd2 b5 6. f3 Nd7 7. Nh3 c5 8. Nf2 cxd4 9. Bxd4 Ngf6 10. Be2 Bb7 11. g4 e5 12. Be3 b4 13. Na4 Qa5 14. b3 d5 15. g5 Nh5 16. exd5 0-0 17. Rd1 Nf4 18. 0-0 Nxd5 19. Bc4 Nxe3 20. Qxe3 Bc6 21. Nb2 e4 22. Na4 exf3 23. Rd6 Qc7 24. Rfd1 Be5 25. Rxc6 Bxh2+ 0-1

[Event "Odense"]
[Site "Odense"]
[Date "1993.??.??"]
[Round "5"]
[White "Plachetka, Jan"]
[Black "Sogaard, Soren"]
[Result "1-0"]
[WhiteElo "2450"]
[BlackElo "2280"]
[PlyCount "101"]
[EventDate "1993.??.??"]
[EventType "tourn"]
[EventRounds "9"]
[EventCountry "DEN"]
[EventCategory "3"]
[SourceTitle "CBM 036 Extra"]
[Source "ChessBase"]
[SourceDate "1993.11.01"]
[SourceVersion "1"]
[SourceVersionDate "1993.11.01"]
[SourceQuality "1"]

1. d4 g6 2. e4 Bg7 3. Nc3 d6 4. Be3 a6 5. a4 Nc6 6. f4 Nf6 7. Nf3 0-0 8. h3 e5 9. dxe5 dxe5 10. Qxd8 Rxd8 11. fxe5 Nd7 12. Bg5 Rf8 13. Nd5 Ndxe5 14. 0-0-0 f5 15. Nxc7 Rb8 16. Nxe5 Bxe5 17. Bc4+ Kh8 18. Bh6 Bg7 19. Bxg7+ Kxg7 20. exf5 Bxf5 21. Ne6+ Bxe6 22. Bxe6 Kf6 23. Bd5 Kg5 24. Bf3 Ne5 25. Rd5 Rfe8 26. Re1 Kf6 27. Rf1 Kg7 28. Be2 Re7 29. Kd2 Rc8 30. b3 h5 31. Rf4 Rce8 32. Bf1 Re6 33. b4 R8e7 34. c4 Nc6 35. b5 Nb4 36. Rd8 a5 37. Rfd4 Rf6 38. R4d7 Rf2+ 39. Kc3 Na2+ 40. Kd4 Kf7 41. Bd3 Rxg2 42. Kc5 Nc3 43. Kd6 Rxd7+ 44. Rxd7+ Kf6 45. Kc7 Nxa4 46. Rd6+ Ke7 47. Rxg6 Rxg6 48. Bxg6 h4 49. Kxb7 Nc3 50. b6 a4 51. Kc6 1-0

[Event "Aarhus-C"]
[Site "Aarhus"]
[Date "1993.??.??"]
[Round "2"]
[White "Rewitz, Poul"]
[Black "Sogaard, Soren"]
[Result "1/2-1/2"]
[WhiteElo "2250"]
[BlackElo "2290"]
[PlyCount "80"]
[EventDate "1993.??.??"]
[EventType "tourn"]
[EventRounds "7"]
[EventCountry "DEN"]
[SourceTitle "EXT 1998"]
[Source "ChessBase"]
[SourceDate "1997.11.17"]
[SourceVersion "1"]
[SourceVersionDate "1997.11.17"]
[SourceQuality "1"]

1. e4 g6 2. d4 Bg7 3. Nc3 d6 4. g3 Nf6 5. Bg2 0-0 6. Nge2 e5 7. h3 Nc6 8. Be3 Re8 9. 0-0 exd4 10. Nxd4 Bd7 11. Nxc6 Bxc6 12. Qd3 Qd7 13. Rfe1 Re7 14. Bd4 Rae8 15. Re3 b5 16. Rae1 b4 17. Nd5 Nxd5 18. exd5 Rxe3 19. Rxe3 Bb5 20. Qd2 a5 21. Bxg7 Kxg7 22. c3 Rxe3 23. Qxe3 Qf5 24. cxb4 Qb1+ 25. Kh2 Qxb2 26. bxa5 Qb4 27. Qa7 Qc4 28. a3 h6 29. Qe3 Ba6 30. h4 h5 31. Qd2 Qc5 32. a4 Kg8 33. Be4 Kg7 34. Qb2+ Kg8 35. Qd2 Kg7 36. Kg2 Qc4 37. Qc2 Qb4 38. Bf3 Qxa5 39. Qb2+ Kg8 40. Qb8+ Kg7 1/2-1/2

[Event "Odense"]
[Site "Odense"]
[Date "1993.??.??"]
[Round "6"]
[White "Sogaard, Soren"]
[Black "Banas, Jan"]
[Result "1/2-1/2"]
[WhiteElo "2280"]
[BlackElo "2380"]
[PlyCount "58"]
[EventDate "1993.??.??"]
[EventType "tourn"]
[EventRounds "9"]
[EventCountry "DEN"]
[EventCategory "3"]
[SourceTitle "CBM 036 Extra"]
[Source "ChessBase"]
[SourceDate "1993.11.01"]
[SourceVersion "1"]
[SourceVersionDate "1993.11.01"]
[SourceQuality "1"]

1. e4 c5 2. Nf3 d6 3. d4 cxd4 4. Nxd4 Nf6 5. Nc3 Nc6 6. Bg5 e6 7. Qd2 a6 8. 0-0-0 Bd7 9. Be2 Rc8 10. Nb3 b5 11. f4 Qc7 12. Rhe1 b4 13. Nd5 exd5 14. exd5 Ne7 15. Bxf6 gxf6 16. Nd4 Qb7 17. Bf3 Kd8 18. Ne6+ fxe6 19. dxe6 Nc6 20. exd7 Qxd7 21. Bd5 Rb8 22. Qd3 Rb5 23. Qc4 Na5 24. Qd4 Be7 25. Rd3 Re8 26. Rde3 Nc6 27. Qd3 Rc5 28. Bb3 Qf5 29. Qxa6 Nd4 1/2-1/2

[Event "Stribrna Skalice"]
[Site "Stribrna Skalice"]
[Date "1993.??.??"]
[Round "7"]
[White "Sogaard, Soren"]
[Black "Emunds, Hans Georg"]
[Result "1/2-1/2"]
[WhiteElo "2290"]
[BlackElo "2275"]
[PlyCount "106"]
[EventDate "1993.??.??"]
[EventType "tourn"]
[EventRounds "9"]
[EventCountry "CZE"]
[EventCategory "4"]
[SourceTitle "EXT 1997"]
[Source "ChessBase"]
[SourceDate "1996.11.15"]
[SourceVersion "1"]
[SourceVersionDate "1996.11.15"]
[SourceQuality "1"]

1. e4 c5 2. Nc3 Nc6 3. g3 g6 4. Bg2 Bg7 5. d3 d6 6. Be3 e5 7. Qd2 Nge7 8. Bh6 0-0 9. h4 f6 10. Nge2 Nd4 11. Bxg7 Kxg7 12. h5 g5 13. h6+ Kh8 14. Nxd4 cxd4 15. Ne2 Be6 16. f4 gxf4 17. gxf4 Rg8 18. Bf3 Qb6 19. f5 Bf7 20. b3 a5 21. Kf2 Qb4 22. Qd1 Rg5 23. Rg1 Rxg1 24. Qxg1 Rg8 25. Qd1 Rg5 26. Ng1 Qc3 27. Ne2 Qc8 28. Ng1 b6 29. Nh3 Rg8 30. Qd2 Qc3 31. Qxc3 dxc3 32. Ng1 d5 33. exd5 Bxd5 34. Be4 Rg4 35. Ke3 Rh4 36. Ne2 Rh3+ 37. Kf2 Rh2+ 38. Ke3 Rh3+ 39. Kf2 Rxh6 40. Nxc3 Bxe4 41. dxe4 Rh2+ 42. Ke3 Rxc2 43. Nd5 Nxd5+ 44. exd5 Kg7 45. d6 Kf8 46. Rh1 Rc6 47. d7 Ke7 48. Rxh7+ Kd8 49. a4 Rd6 50. Rf7 Kc7 51. Ke4 Rd4+ 52. Ke3 Rd6 53. Ke4 Rd4+ 1/2-1/2

[Event "Odense"]
[Site "Odense"]
[Date "1993.??.??"]
[Round "8"]
[White "Sogaard, Soren"]
[Black "Jurek, Josef"]
[Result "1/2-1/2"]
[WhiteElo "2280"]
[BlackElo "2305"]
[PlyCount "52"]
[EventDate "1993.??.??"]
[EventType "tourn"]
[EventRounds "9"]
[EventCountry "DEN"]
[EventCategory "3"]
[SourceTitle "CBM 036 Extra"]
[Source "ChessBase"]
[SourceDate "1993.11.01"]
[SourceVersion "1"]
[SourceVersionDate "1993.11.01"]
[SourceQuality "1"]

1. e4 e6 2. d4 d5 3. exd5 exd5 4. Nf3 Nf6 5. c4 Be7 6. Nc3 0-0 7. Be2 Be6 8. Ng5 Bf5 9. 0-0 Nc6 10. Be3 Nb4 11. a3 Nc2 12. Rc1 Nxe3 13. fxe3 Bg6 14. Qb3 c6 15. cxd5 Nxd5 16. Nxd5 Qxd5 17. Qxd5 cxd5 18. Nh3 Bd6 19. Bf3 Be4 20. Bxe4 dxe4 21. Rc2 Rad8 22. Rcf2 Rd7 23. g4 h6 24. Kg2 Rc8 25. Ng1 g6 26. Ne2 Kg7 1/2-1/2

[Event "Stribrna Skalice"]
[Site "Stribrna Skalice"]
[Date "1993.??.??"]
[Round "5"]
[White "Sogaard, Soren"]
[Black "Proehl, Holger"]
[Result "1-0"]
[WhiteElo "2290"]
[BlackElo "2315"]
[PlyCount "101"]
[EventDate "1993.??.??"]
[EventType "tourn"]
[EventRounds "9"]
[EventCountry "CZE"]
[EventCategory "4"]
[SourceTitle "EXT 1997"]
[Source "ChessBase"]
[SourceDate "1996.11.15"]
[SourceVersion "1"]
[SourceVersionDate "1996.11.15"]
[SourceQuality "1"]

1. d4 d5 2. Bg5 Nd7 3. e3 Ngf6 4. c3 c6 5. Nd2 e5 6. dxe5 Nxe5 7. Ngf3 Ng6 8. Bd3 Be7 9. Qc2 0-0 10. h4 Re8 11. h5 Nf8 12. 0-0-0 h6 13. Bxf6 Bxf6 14. e4 Bg4 15. exd5 Qxd5 16. Kb1 Qa5 17. Nc4 Qc7 18. Nd6 Red8 19. Ne4 Be7 20. Rde1 Ne6 21. Ng3 Nf4 22. Bh7+ Kh8 23. Ne5 Be6 24. Bf5 Bd6 25. Ng6+ fxg6 26. Bxe6 Re8 27. Bb3 Rxe1+ 28. Rxe1 Nxg2 29. Rg1 Nf4 30. hxg6 Nh3 31. Rd1 Nf4 32. Qe4 Be5 33. Re1 Rf8 34. Qxe5 Qxe5 35. Rxe5 Nxg6 36. Rf5 Rxf5 37. Nxf5 Nf4 38. f3 h5 39. Kc2 g6 40. Ne3 Kg7 41. Kd2 Kf6 42. Bc2 Kg5 43. Ke1 Nh3 44. Ng2 Kf6 45. Ke2 g5 46. Ke3 Ng1 47. Kf2 Nh3+ 48. Kg3 Ng1 49. Bd1 g4 50. fxg4 hxg4 51. Bxg4 1-0

[Event "DEN-chT 9192"]
[Site "Denmark"]
[Date "1991.??.??"]
[Round "5"]
[White "Borge, Nikolaj"]
[Black "Sogaard, Soren"]
[Result "1-0"]
[WhiteElo "2300"]
[BlackElo "2335"]
[PlyCount "123"]
[EventDate "1991.??.??"]
[EventType "team"]
[EventRounds "7"]
[EventCountry "DEN"]
[SourceTitle "EXT 2000"]
[Source "ChessBase"]
[SourceDate "1999.11.16"]
[SourceVersion "1"]
[SourceVersionDate "1999.11.16"]
[SourceQuality "1"]

1. e4 d6 2. d4 g6 3. Nc3 Bg7 4. f4 Nf6 5. Nf3 d5 6. e5 Ng8 7. Bd3 e6 8. 0-0 h5 9. Be3 b6 10. a4 Nc6 11. Bf2 Bf8 12. Bh4 Be7 13. Bb5 Bd7 14. Bxe7 Qxe7 15. Ne2 a6 16. Bxc6 Bxc6 17. a5 Nh6 18. Nc3 0-0 19. axb6 cxb6 20. Qd2 Nf5 21. Nd1 Rfc8 22. c3 a5 23. Ne1 Bb5 24. Rf3 Bc4 25. Ne3 b5 26. Nxf5 exf5 27. Nc2 b4 28. cxb4 axb4 29. Rxa8 Rxa8 30. b3 Bb5 31. g3 Qc7 32. Nxb4 Ra1+ 33. Kg2 Qa5 34. Rf2 Bd7 35. Nd3 Qa7 36. Nc5 h4 37. gxh4 Bb5 38. h5 Be8 39. hxg6 fxg6 40. e6 Qe7 41. Rf1 Rxf1 42. Kxf1 Qh4 43. Qf2 Qh3+ 44. Ke2 Qc3 45. Qe3 Qc2+ 46. Qd2 Bb5+ 47. Ke3 Qb1 48. h3 Qf1 49. Qf2 Qxh3+ 50. Kd2 g5 51. fxg5 Qg4 52. Qe3 f4 53. Qe5 f3 54. e7 Qg2+ 55. Kc3 f2 56. Qb8+ Kf7 57. Qf8+ Kg6 58. e8Q+ Bxe8 59. Qxe8+ Kh7 60. Qf7+ Kh8 61. Ne6 f1Q 62. Qg7# 1-0